[Event "BL 2324 SG Solingen - SK Kirchweyhe"]
[Site "?"]
[Date "2023.12.03"]
[Round "4.7"]
[White "Zelcic, Robert"]
[Black "Nikolic, Predrag"]
[Result "1/2-1/2"]
[WhiteElo "2478"]
[BlackElo "2538"]
[PlyCount "160"]
[EventDate "2023.??.??"]

1. e4 e6 2. d4 d5 3. Nd2 a6 4. Ngf3 c5 5. exd5 exd5 6. Be2 Nc6 7. O-O c4 8. Re1 Be7 9. b3 cxb3 10. axb3 Nf6 11. Bb5 O-O 12. Bxc6 bxc6 13. Ne5 Qb6 14. c3 Bd6 15. h3 a5 16. Ba3 Bxa3 17. Rxa3 c5 18. dxc5 Qxc5 19. b4 Qc7 20. Qa1 a4 21. Rxa4 Rxa4 22. Qxa4 Qxc3 23. Ndf3 Bf5 24. b5 Be4 25. Qa1 Qxa1 26. Rxa1 Bxf3 27. gxf3 g6 28. Nc6 Nd7 29. Ra7 Nb6 30. Ra6 Nd7 31. Ne7+ Kg7 32. Nxd5 Rc8 33. Rc6 Ra8 34. Ra6 Rc8 35. Rd6 Ne5 36. Kg2 Rc5 37. b6 Rb5 38. Ne3 Rb3 39. f4 Nd3 40. f5 g5 41. Nd5 Ne5 42. f4 gxf4 43. Nxf4 Nc4 44. f6+ Kh6 45. Rc6 Ne3+ 46. Kf2 Nf5 47. Rc5 Kg5 48. Ne2 Rxb6 49. Ng3 Rxf6 50. Ne4+ Kg6 51. Nxf6 Kxf6 52. Kf3 Kg6 53. Ra5 f6 54. Kg4 h5+ 55. Kf4 Ng7 56. Ra6 Kf7 57. Ra7+ Kg6 58. Re7 Nf5 59. Re4 Ng7 60. Re1 Kf7 61. Rg1 Ne6+ 62. Kg3 Nd4 63. Rb1 Kg6 64. Kf4 Ne6+ 65. Kf3 Kg5 66. Kg3 Nd4 67. h4+ Kg6 68. Kf4 Ne6+ 69. Ke4 Ng7 70. Rb5 Ne6 71. Ra5 Ng7 72. Ra4 Nf5 73. Kd5 Kf7 74. Kc6 Ne7+ 75. Kd6 Nc8+ 76. Kc5 Ne7 77. Rc4 Ng6 78. Kd5 f5 79. Rc7+ Kf6 80. Rc6+ Kf7 1/2-1/2

[Event "BL 2324 SG Solingen - SK Kirchweyhe"]
[Site "?"]
[Date "2023.12.03"]
[Round "4.8"]
[White "Naumann, Alexander"]
[Black "Kuegel, Tobias"]
[Result "1/2-1/2"]
[WhiteElo "2498"]
[BlackElo "2420"]
[PlyCount "45"]
[EventDate "2023.??.??"]

1. c4 Nf6 2. Nf3 e6 3. g3 d5 4. Bg2 Be7 5. d4 O-O 6. Nc3 dxc4 7. Ne5 c5 8. dxc5 Qxd1+ 9. Nxd1 Bxc5 10. O-O Nd5 11. Ne3 Nxe3 12. Bxe3 Bxe3 13. fxe3 c3 14. bxc3 Na6 15. Rf4 f6 16. Nd3 Rb8 17. Ra4 Bd7 18. Ra5 Rfc8 19. Rb1 Bc6 20. Bh3 Kf7 21. Nf4 Nc7 22. c4 Ra8 23. c5 1/2-1/2

[Event "BL 2324 SV Mülheim Nord - SV Werder Bre"]
[Site "?"]
[Date "2023.12.03"]
[Round "4.1"]
[White "Ivic, Velimir"]
[Black "Dardha, Daniel"]
[Result "1/2-1/2"]
[WhiteElo "2570"]
[BlackElo "2598"]
[PlyCount "61"]
[EventDate "2023.??.??"]

1. e4 e5 2. Nf3 Nc6 3. Bb5 Nf6 4. d3 Bc5 5. Bxc6 dxc6 6. Nbd2 Nd7 7. O-O O-O 8. Nc4 Re8 9. a4 f6 10. Kh1 Nf8 11. Be3 Bxe3 12. Nxe3 Ng6 13. Ng1 Be6 14. Ne2 c5 15. b3 Qd7 16. Qd2 b6 17. f4 exf4 18. Nxf4 Nxf4 19. Rxf4 a6 20. Rff1 Qd4 21. h3 b5 22. axb5 axb5 23. Rxa8 Rxa8 24. Qe2 Ra1 25. Rxa1 Qxa1+ 26. Kh2 Qe5+ 27. Kg1 h6 28. Kf2 Kh7 29. Qf3 Qd4 30. Qf4 c4 31. bxc4 1/2-1/2

[Event "BL 2324 SV Mülheim Nord - SV Werder Bre"]
[Site "?"]
[Date "2023.12.03"]
[Round "4.2"]
[White "Vrolijk, Liam"]
[Black "Areshchenko, Alexander"]
[Result "1-0"]
[WhiteElo "2566"]
[BlackElo "2627"]
[PlyCount "53"]
[EventDate "2023.??.??"]

1. d4 Nf6 2. c4 g6 3. Nc3 d5 4. cxd5 Nxd5 5. Bd2 Bg7 6. e4 Nxc3 7. Bxc3 c5 8. d5 O-O 9. Bc4 Bxc3+ 10. bxc3 e6 11. Ne2 exd5 12. Bxd5 Nc6 13. O-O Be6 14. Nf4 Bxd5 15. Nxd5 f5 16. Re1 fxe4 17. Rxe4 Rf7 18. Qd3 Qg5 19. f4 Qf5 20. Ne3 Qh5 21. Qc4 Rd8 22. Rf1 Kg7 23. Rf3 Qh4 24. Rh3 Qf6 25. Ng4 Qf5 26. Nh6 Rd1+ 27. Kf2 1-0

[Event "BL 2324 SV Mülheim Nord - SV Werder Bre"]
[Site "?"]
[Date "2023.12.03"]
[Round "4.3"]
[White "Efimenko, Zahar"]
[Black "Beerdsen, Thomas"]
[Result "1/2-1/2"]
[WhiteElo "2571"]
[BlackElo "2511"]
[PlyCount "127"]
[EventDate "2023.??.??"]

1. e4 c5 2. Nf3 e6 3. d4 cxd4 4. Nxd4 Nc6 5. Nc3 Qc7 6. Be2 a6 7. O-O Nf6 8. Be3 Be7 9. f4 d6 10. Qe1 O-O 11. Qg3 Nxd4 12. Bxd4 b5 13. a3 Bb7 14. Kh1 Rad8 15. Rae1 Ne8 16. Qe3 Rc8 17. Bd3 e5 18. Bb6 exf4 19. Qf2 Qd7 20. Qxf4 Bf6 21. Nd5 Be5 22. Qh4 Bxd5 23. exd5 g6 24. Bd4 Nc7 25. Bxe5 dxe5 26. Bf5 Qd8 27. Qg3 Rb8 28. Rxe5 Rb6 29. Bd3 Nxd5 30. c4 bxc4 31. Bxc4 Nf6 32. b3 Rd6 33. h3 Rd1 34. Rxd1 Qxd1+ 35. Re1 Qd4 36. Qe5 Qh4 37. Rf1 Kg7 38. Qe7 a5 39. a4 Qd4 40. Qc7 h5 41. Qxa5 Ne4 42. Qc7 Kh6 43. Kh2 f5 44. a5 Ra8 45. a6 Nd2 46. Rxf5 Rxa6 47. Qf4+ Qxf4+ 48. Rxf4 Nxc4 49. Rxc4 Ra3 50. Rb4 Kg5 51. h4+ Kf5 52. Kg3 Ra1 53. Rb5+ Ke4 54. Rg5 Rb1 55. Rxg6 Rxb3+ 56. Kh2 Rb5 57. Kh3 Rb3+ 58. g3 Rb5 59. Rf6 Ke5 60. Rf3 Rb4 61. Rf8 Rb5 62. Kg2 Rb2+ 63. Kh3 Rb5 64. Kg2 1/2-1/2

[Event "BL 2324 SV Mülheim Nord - SV Werder Bre"]
[Site "?"]
[Date "2023.12.03"]
[Round "4.4"]
[White "Feygin, Michael"]
[Black "Van Foreest, Lucas"]
[Result "1/2-1/2"]
[WhiteElo "2461"]
[BlackElo "2530"]
[PlyCount "120"]
[EventDate "2023.??.??"]

1. d4 d5 2. Nf3 Nf6 3. Bf4 e6 4. e3 c5 5. Nbd2 Nc6 6. c3 Be7 7. h3 Bd6 8. Bxd6 Qxd6 9. Bb5 Bd7 10. Bxc6 Bxc6 11. Ne5 Bb5 12. Qb3 Ba6 13. Qa3 Rc8 14. f4 Qb6 15. O-O-O cxd4 16. exd4 Qxd4 17. Rhe1 Qc5 18. Qxc5 Rxc5 19. f5 O-O 20. fxe6 fxe6 21. Nef3 Re8 22. Re5 Nd7 23. Re3 Rcc8 24. Nb3 Bc4 25. Nbd4 Nc5 26. Ng5 e5 27. Nf5 h6 28. Nf3 e4 29. N3d4 Rcd8 30. Rg3 Rd7 31. b3 Ba6 32. Nxh6+ Kh7 33. Nhf5 Nd3+ 34. Kd2 g6 35. Ne3 Rf8 36. Ng4 Re7 37. Ke3 Nf4 38. Nf2 Rc7 39. Rc1 Rcf7 40. Rc2 Nd3 41. Ng4 Re8 42. a4 Rf1 43. Nb5 Bxb5 44. axb5 Re7 45. Rd2 Rf5 46. Nf2 Nf4 47. c4 Nh5 48. Rg4 Nf6 49. Rh4+ Kg7 50. Ng4 Nh5 51. Nh2 dxc4 52. bxc4 Nf6 53. Rf4 Rxf4 54. Kxf4 e3 55. Re2 Re4+ 56. Kf3 Rxc4 57. Rxe3 Kf7 58. Ra3 Rb4 59. Rxa7 Rxb5 60. Ra3 Rb4 1/2-1/2

[Event "BL 2324 SV Mülheim Nord - SV Werder Bre"]
[Site "?"]
[Date "2023.12.03"]
[Round "4.5"]
[White "Pruijssers, Roeland"]
[Black "Zelbel, Patrick"]
[Result "1/2-1/2"]
[WhiteElo "2542"]
[BlackElo "2481"]
[PlyCount "204"]
[EventDate "2023.??.??"]

1. d4 Nf6 2. Nc3 d5 3. Bf4 a6 4. e3 c5 5. dxc5 Qa5 6. Qd2 e6 7. Nf3 Bxc5 8. Bd3 Nbd7 9. O-O Bb4 10. a3 Bxc3 11. Qxc3 Qxc3 12. bxc3 Nc5 13. c4 Bd7 14. cxd5 Nxd5 15. Bd6 Nxd3 16. cxd3 Bb5 17. Rfb1 Rd8 18. Bg3 Nc3 19. Rb4 Rxd3 20. Nd4 O-O 21. a4 Nxa4 22. Nxb5 axb5 23. Rxb5 Rfd8 24. h4 Rd1+ 25. Rxd1 Rxd1+ 26. Kh2 Rd7 27. e4 f6 28. f3 Nc3 29. Rb2 Kf7 30. Be1 Na4 31. Rb5 Rc7 32. g4 Rc2+ 33. Kg3 Rb2 34. Ra5 Nb6 35. g5 Rb3 36. Rc5 Nd7 37. Rc7 Ke7 38. gxf6+ gxf6 39. Kg2 Kd8 40. Rc2 h5 41. Ra2 Ke7 42. Ra5 Ne5 43. f4 Rb2+ 44. Kh1 Nc6 45. Ra1 Re2 46. Rb1 Kd6 47. Bg3 Kc7 48. Rb5 e5 49. fxe5 Nxe5 50. Bxe5+ Kc6 51. Rxb7 Kxb7 52. Bxf6 Rxe4 53. Kg2 Kc6 54. Kf3 Kd5 55. Bg5 Ke5 56. Kf2 Kf5 57. Kf3 Rb4 58. Kf2 Kg4 59. Ke2 Kg3 60. Ke3 Rb6 61. Ke2 Rd6 62. Ke3 Re6+ 63. Kd3 Kf3 64. Kd2 Re5 65. Bf6 Re2+ 66. Kd3 Re6 67. Bg5 Rd6+ 68. Kc2 Ke4 69. Be7 Rd7 70. Bg5 Rd5 71. Bf6 Kf5 72. Bg5 Ke6 73. Be3 Ke5 74. Bg5 Ke4 75. Bf6 Ke3 76. Bg5+ Ke2 77. Kc3 Rd7 78. Bf4 Rd3+ 79. Kc4 Ra3 80. Bg5 Ra4+ 81. Kc3 Rg4 82. Bf6 Rg3+ 83. Kc4 Ke3 84. Kc3 Ke4+ 85. Kc2 Kf5 86. Be7 Ke6 87. Bd8 Rg8 88. Ba5 Kf5 89. Bb4 Rg7 90. Ba5 Rg6 91. Bb4 Re6 92. Bd2 Rd6 93. Bg5 Kg4 94. Kc3 Kg3 95. Kc4 Rd7 96. Kc3 Rd1 97. Kc4 Kg4 98. Kc3 Kf5 99. Kc2 Rd5 100. Be3 Ke6 101. Kc3 Re5 102. Kd3 Kf5 1/2-1/2

[Event "BL 2324 SV Mülheim Nord - SV Werder Bre"]
[Site "?"]
[Date "2023.12.03"]
[Round "4.6"]
[White "Hausrath, Daniel"]
[Black "Wachinger, Nikolas"]
[Result "1/2-1/2"]
[WhiteElo "2450"]
[BlackElo "2441"]
[PlyCount "81"]
[EventDate "2023.??.??"]

1. Nf3 d5 2. g3 Nf6 3. Bg2 c5 4. O-O e6 5. d4 cxd4 6. Nxd4 e5 7. Nb3 Be6 8. c4 Nc6 9. cxd5 Nxd5 10. N1d2 Be7 11. Ne4 b6 12. Nc3 Ndb4 13. a3 Qxd1 14. Rxd1 Bxb3 15. axb4 Rc8 16. Bh3 Bxd1 17. Bxc8 Bb3 18. Bb7 Kd7 19. b5 Na5 20. Bd5 Bxd5 21. Nxd5 Ra8 22. Be3 Bd8 23. f4 Ke6 24. Rd1 Nc4 25. fxe5 Nxe3 26. Nxe3 Be7 27. Nc2 Kxe5 28. Kf2 Rc8 29. Ne1 Bd6 30. Nf3+ Ke6 31. Nd4+ Kf6 32. Nc6 Bc5+ 33. Kf3 a6 34. b4 axb5 35. Na7 Ra8 36. bxc5 Rxa7 37. Rd6+ Ke5 38. Rxb6 Ra3+ 39. e3 Rb3 40. Rb7 Ke6 41. g4 1/2-1/2

[Event "BL 2324 SV Mülheim Nord - SV Werder Bre"]
[Site "?"]
[Date "2023.12.03"]
[Round "4.7"]
[White "Grigorian, Spartak"]
[Black "Buckels, Valentin"]
[Result "1/2-1/2"]
[WhiteElo "2439"]
[BlackElo "2440"]
[PlyCount "63"]
[EventDate "2023.??.??"]

1. c4 e6 2. Nc3 d5 3. d4 Nf6 4. cxd5 Nxd5 5. e4 Nxc3 6. bxc3 c5 7. Rb1 Be7 8. Nf3 O-O 9. Bc4 Qc7 10. Qe2 a6 11. O-O b5 12. Bb3 Nd7 13. h4 e5 14. Bd5 Rb8 15. dxe5 Nxe5 16. Nxe5 Qxe5 17. Qf3 Bd6 18. g3 h5 19. Bg5 Be6 20. Rfe1 Bc7 21. Qd3 Ba5 22. Rbc1 c4 23. Qd2 Bxd5 24. exd5 Qf5 25. Be7 Rfe8 26. d6 Bd8 27. Re3 Bxe7 28. dxe7 f6 29. Qd6 Rb7 30. Rce1 Kf7 31. Kg2 Rd7 32. Qxa6 1/2-1/2

[Event "BL 2324 SV Mülheim Nord - SV Werder Bre"]
[Site "?"]
[Date "2023.12.03"]
[Round "4.8"]
[White "Dinstuhl, Volkmar"]
[Black "Schulze, Lara"]
[Result "1-0"]
[WhiteElo "2386"]
[BlackElo "2299"]
[PlyCount "61"]
[EventDate "2023.??.??"]

1. d4 Nf6 2. c4 e6 3. Nc3 Bb4 4. Nf3 d5 5. g3 dxc4 6. Bg2 Nc6 7. O-O Rb8 8. e3 O-O 9. Qe2 b5 10. Rd1 Qe7 11. e4 e5 12. dxe5 Nxe5 13. Nxe5 Qxe5 14. Bf4 Qe7 15. e5 Bxc3 16. bxc3 Bg4 17. f3 Bf5 18. Qe3 Nd7 19. e6 Nb6 20. exf7+ Rxf7 21. Qd4 Re8 22. g4 Bd3 23. Re1 Qxe1+ 24. Rxe1 Rxe1+ 25. Kf2 Re2+ 26. Kg3 Rxa2 27. Bxc7 Rd7 28. Qc5 Kf7 29. f4 Be2 30. Bd6 Bd3 31. Bd5+ 1-0

[Event "BL 2324 SG Solingen - USV TU Dresden"]
[Site "?"]
[Date "2024.01.13"]
[Round "5.1"]
[White "Nisipeanu, Liviu-Dieter"]
[Black "Harikrishna, Pentala"]
[Result "1/2-1/2"]
[WhiteElo "2584"]
[BlackElo "2704"]
[PlyCount "45"]
[EventDate "2024.??.??"]

1. e4 c5 2. Nf3 e6 3. c3 d5 4. exd5 exd5 5. d4 Nc6 6. Bb5 cxd4 7. Nxd4 Bd7 8. O-O Bd6 9. c4 Nge7 10. cxd5 Nxd5 11. Nxc6 bxc6 12. Re1+ Be7 13. Bf1 O-O 14. Nc3 Nxc3 15. bxc3 Bf6 16. Re3 Bf5 17. Qa4 Qd5 18. Ba3 Rfd8 19. Be7 Bxe7 20. Rxe7 Qc5 21. Qb4 Qxb4 22. cxb4 Be6 23. Rc1 1/2-1/2

[Event "BL 2324 SG Solingen - USV TU Dresden"]
[Site "?"]
[Date "2024.01.13"]
[Round "5.2"]
[White "Ragger, Markus"]
[Black "Bartel, Mateusz"]
[Result "1/2-1/2"]
[WhiteElo "2605"]
[BlackElo "2657"]
[PlyCount "45"]
[EventDate "2024.??.??"]

1. d4 Nf6 2. c4 e6 3. Nf3 Bb4+ 4. Bd2 Bxd2+ 5. Qxd2 d5 6. Nc3 O-O 7. e3 b6 8. cxd5 exd5 9. Bd3 Bb7 10. O-O Nbd7 11. Rac1 c5 12. b3 Ne4 13. Qe2 Rc8 14. Ba6 Bxa6 15. Qxa6 cxd4 16. Nxe4 dxe4 17. Rxc8 Qxc8 18. Qxc8 Rxc8 19. Nxd4 g6 20. Rd1 Ne5 21. f3 f5 22. Kf2 Kf7 23. Ke2 1/2-1/2

[Event "BL 2324 SG Solingen - USV TU Dresden"]
[Site "?"]
[Date "2024.01.13"]
[Round "5.3"]
[White "Pechac, Jergus"]
[Black "Andersen, Mads"]
[Result "1/2-1/2"]
[WhiteElo "2575"]
[BlackElo "2615"]
[PlyCount "107"]
[EventDate "2024.??.??"]

1. e4 e5 2. Nf3 Nc6 3. Bc4 Bc5 4. c3 Nf6 5. d4 exd4 6. b4 Be7 7. e5 Ng4 8. cxd4 Bxb4+ 9. Nbd2 d5 10. Bb5 O-O 11. Bxc6 bxc6 12. O-O f6 13. Qa4 a5 14. h3 Nh6 15. a3 Be7 16. Qxc6 Ra6 17. Qc3 a4 18. Rb1 Nf7 19. exf6 Rxf6 20. Re1 Bd6 21. Rb8 Rg6 22. Ne5 Nxe5 23. dxe5 Be7 24. Nf1 d4 25. Qc4+ Kh8 26. Re4 c5 27. Rf4 Rg8 28. Ng3 Be6 29. Rxd8 Bxc4 30. Rd7 Bg5 31. Rc7 Bxf4 32. Bxf4 Rb6 33. Ne4 h6 34. Nxc5 Rb1+ 35. Kh2 Bb3 36. e6 Re1 37. Rd7 Rc8 38. e7 Rxc5 39. Rd8+ Kh7 40. e8=Q Rxe8 41. Rxe8 g5 42. Bd2 Rc2 43. Be1 d3 44. Rd8 Re2 45. Bc3 Bc2 46. Rd7+ Kg8 47. Kg3 Kf8 48. Rd6 Ke7 49. Bb4 Kf7 50. Rd7+ Kf6 51. Rd6+ Ke5 52. Rd7 Kf6 53. Rd6+ Ke5 54. Rd7 1/2-1/2

[Event "BL 2324 SG Solingen - USV TU Dresden"]
[Site "?"]
[Date "2024.01.13"]
[Round "5.4"]
[White "Van Wely, Loek"]
[Black "Michalik, Peter"]
[Result "1/2-1/2"]
[WhiteElo "2623"]
[BlackElo "2567"]
[PlyCount "61"]
[EventDate "2024.??.??"]

1. c4 c6 2. Nf3 d5 3. g3 Nf6 4. Bg2 g6 5. b3 Bg7 6. Bb2 O-O 7. O-O Bg4 8. d4 Bxf3 9. Bxf3 Nbd7 10. Qc2 Re8 11. Rd1 a5 12. cxd5 cxd5 13. Nc3 e6 14. Nb5 Qb6 15. a4 Rec8 16. Qd3 Nb8 17. Rac1 Na6 18. Rxc8+ Rxc8 19. Qd2 Bf8 20. Qf4 Qd8 21. Rc1 Rc6 22. Na7 Rc7 23. Nb5 Rc6 24. Na7 Rc7 25. Rxc7 Nxc7 26. Qd2 Bb4 27. Qc2 Nfe8 28. e4 dxe4 29. Bxe4 Nd6 30. Bf3 Nd5 31. Nb5 1/2-1/2

[Event "BL 2324 SG Solingen - USV TU Dresden"]
[Site "?"]
[Date "2024.01.13"]
[Round "5.5"]
[White "Vogel, Roven"]
[Black "Nikolic, Predrag"]
[Result "1-0"]
[WhiteElo "2514"]
[BlackElo "2538"]
[PlyCount "63"]
[EventDate "2024.??.??"]

1. d4 d5 2. Nf3 Nf6 3. c4 dxc4 4. Nc3 a6 5. a4 Nc6 6. e3 Na5 7. Ne5 Be6 8. e4 c6 9. Be3 g6 10. f4 Bg7 11. g4 b5 12. axb5 axb5 13. f5 Bd7 14. g5 Nh5 15. Bh3 Bxe5 16. dxe5 Ng7 17. O-O O-O 18. e6 fxe6 19. f6 exf6 20. gxf6 Nf5 21. exf5 exf5 22. Bg2 Ra6 23. Kh1 Be6 24. Bc5 Qxd1 25. Rfxd1 Rfa8 26. Nxb5 Nb7 27. Rxa6 Rxa6 28. Ba3 Kf7 29. Nc7 Rb6 30. Re1 Bc8 31. h4 Kxf6 32. Ne8+ 1-0

[Event "BL 2324 SG Solingen - USV TU Dresden"]
[Site "?"]
[Date "2024.01.13"]
[Round "5.6"]
[White "Handke, Florian"]
[Black "Hoffmann, Paul"]
[Result "1/2-1/2"]
[WhiteElo "2536"]
[BlackElo "2386"]
[PlyCount "53"]
[EventDate "2024.??.??"]

1. e4 c5 2. Nf3 d6 3. d4 cxd4 4. Nxd4 Nf6 5. Nc3 Nc6 6. Bg5 Qb6 7. Nb3 e6 8. Bxf6 gxf6 9. Qd2 a6 10. O-O-O Bd7 11. f4 O-O-O 12. Be2 h5 13. Rhf1 Kb8 14. Rf3 Be7 15. Kb1 h4 16. Bf1 Rh5 17. Na4 Qa7 18. a3 f5 19. exf5 Rxf5 20. Bd3 Rh5 21. Be2 Rd5 22. Rd3 Rxd3 23. Qxd3 Qf2 24. Bf3 h3 25. gxh3 Qxh2 26. Nb6 d5 27. Nxd7+ 1/2-1/2

[Event "BL 2324 SG Solingen - USV TU Dresden"]
[Site "?"]
[Date "2024.01.13"]
[Round "5.7"]
[White "Moehn, Hans"]
[Black "Schaefer, Markus"]
[Result "1/2-1/2"]
[WhiteElo "2398"]
[BlackElo "2350"]
[PlyCount "81"]
[EventDate "2024.??.??"]

1. Nf3 Nf6 2. g3 g6 3. b3 Bg7 4. Bb2 d6 5. d4 c5 6. Bg2 cxd4 7. Nxd4 d5 8. c4 dxc4 9. O-O O-O 10. Na3 cxb3 11. Qxb3 Nc6 12. Rfd1 Qb6 13. Nc4 Qxb3 14. axb3 Bd7 15. Nxc6 Bxc6 16. Bxc6 bxc6 17. Ra6 Rfb8 18. Bxf6 Bxf6 19. Rd3 c5 20. Ra5 Rc8 21. Kf1 Kf8 22. Ke1 Ke8 23. Kd2 Rc7 24. Kc2 Rb8 25. f4 h5 26. Rd5 Rbc8 27. e3 Kf8 28. Nd2 e6 29. Rd6 Rb8 30. Rda6 Rbb7 31. Nc4 Be7 32. Ra4 Ke8 33. Ne5 Bf6 34. Nc4 Be7 35. e4 Bf8 36. Ne5 Bg7 37. Nc4 Bf8 38. Ne5 Bg7 39. Nc6 Kd7 40. Na5 Rb6 41. Nc4 1/2-1/2

[Event "BL 2324 SG Solingen - USV TU Dresden"]
[Site "?"]
[Date "2024.01.13"]
[Round "5.8"]
[White "Krastev, Alexander"]
[Black "Lutz, Ruben"]
[Result "1-0"]
[WhiteElo "2470"]
[BlackElo "2250"]
[PlyCount "127"]
[EventDate "2024.??.??"]

1. e4 e6 2. d3 d5 3. Qe2 Nf6 4. Nf3 Be7 5. g3 b6 6. e5 Nfd7 7. Bg2 Bb7 8. O-O c5 9. c4 d4 10. b4 cxb4 11. Nxd4 Bxg2 12. Kxg2 O-O 13. Bb2 a5 14. Nd2 Nc5 15. N2f3 b5 16. cxb5 Qd5 17. a3 Na4 18. axb4 axb4 19. Qc2 Nxb2 20. Rxa8 Qxa8 21. Qxb2 Rd8 22. Rc1 Bf8 23. Rc4 Qd5 24. Qc2 g6 25. Nc6 Nxc6 26. bxc6 Rc8 27. c7 Qb7 28. h4 h5 29. Qc1 b3 30. Qb1 b2 31. Rc3 Kg7 32. d4 Rxc7 33. Rxc7 Qxc7 34. Qxb2 Qc6 35. Qd2 Qd5 36. Qf4 Be7 37. g4 hxg4 38. Qxg4 Qb3 39. h5 Qd3 40. hxg6 Qxg6 41. Kg3 Qxg4+ 42. Kxg4 Bb4 43. Kf4 Kg6 44. Nh4+ Kh5 45. Ng2 Bd2+ 46. Ke4 Kg5 47. f4+ Kh5 48. f5 Kg4 49. f6 Kg5 50. Ne3 Bc3 51. Nc4 Bb4 52. Nd6 Kg6 53. Nc8 Bc3 54. Ne7+ Kg5 55. Nc6 Be1 56. Nd8 Kg6 57. Kd3 Bf2 58. Kc4 Be3 59. Kc5 Bf2 60. Nc6 Be3 61. Kd6 Bc1 62. Ke7 Bb2 63. Ke8 Kf5 64. Kxf7 1-0

[Event "BL 2324 SV Mülheim Nord - HSK Lister Tu"]
[Site "?"]
[Date "2024.01.13"]
[Round "5.1"]
[White "Pfreundt, Jakob"]
[Black "Navara, David"]
[Result "1/2-1/2"]
[WhiteElo "2461"]
[BlackElo "2679"]
[PlyCount "54"]
[EventDate "2024.??.??"]

1. e4 c5 2. Nf3 d6 3. d4 cxd4 4. Nxd4 Nf6 5. Nc3 a6 6. a4 e5 7. Nf3 Be7 8. Bg5 Be6 9. Bxf6 Bxf6 10. Nd5 Nd7 11. Bc4 Rc8 12. Qe2 Nb6 13. Nxf6+ Qxf6 14. Bxe6 Qxe6 15. b3 O-O 16. O-O Rc3 17. Rfd1 Rfc8 18. Ne1 R8c6 19. Rd3 Qc8 20. Rxc3 Rxc3 21. Rd1 Qc6 22. Qd2 Nc8 23. h4 h6 24. Qe2 Ne7 25. Qd2 Nc8 26. Qe2 Ne7 27. Qd2 Nc8 1/2-1/2

[Event "BL 2324 SV Mülheim Nord - HSK Lister Tu"]
[Site "?"]
[Date "2024.01.13"]
[Round "5.2"]
[White "Nguyen, Thai Dai Van"]
[Black "Walter, Stefan"]
[Result "1-0"]
[WhiteElo "2632"]
[BlackElo "2382"]
[PlyCount "69"]
[EventDate "2024.??.??"]

1. d4 d5 2. c4 e6 3. Nc3 Be7 4. cxd5 exd5 5. Bf4 c6 6. e3 Bd6 7. Bxd6 Qxd6 8. Bd3 Ne7 9. Qc2 b6 10. Nf3 Ba6 11. O-O Bxd3 12. Qxd3 Nd7 13. Rac1 O-O 14. Rc2 Rfe8 15. Rfc1 h6 16. h3 Red8 17. Qa6 Nb8 18. Qe2 Nd7 19. Ne1 Re8 20. Nd3 a5 21. Qd1 Ra7 22. Re2 Rea8 23. Na4 Rb8 24. Rec2 Kf8 25. Qf3 Rab7 26. Nc3 Ra7 27. Rd1 Re8 28. e4 dxe4 29. Nxe4 Qb8 30. Nf4 Kg8 31. Nh5 Nf8 32. Nef6+ gxf6 33. Qxf6 Ne6 34. Qxh6 Nd5 35. Rc3 1-0

[Event "BL 2324 SV Mülheim Nord - HSK Lister Tu"]
[Site "?"]
[Date "2024.01.13"]
[Round "5.3"]
[White "Schulze, Torben"]
[Black "Fridman, Daniel"]
[Result "0-1"]
[WhiteElo "2325"]
[BlackElo "2588"]
[PlyCount "74"]
[EventDate "2024.??.??"]

1. e4 g6 2. d4 Bg7 3. Nf3 d6 4. Be2 Nf6 5. Nc3 O-O 6. O-O Bg4 7. h3 Bxf3 8. Bxf3 Nfd7 9. Be3 Nc6 10. d5 Nce5 11. Be2 Nb6 12. Bd4 c5 13. dxc6 bxc6 14. f4 c5 15. Bxe5 dxe5 16. f5 Qd4+ 17. Qxd4 cxd4 18. Nd5 Nxd5 19. exd5 e4 20. Rf4 gxf5 21. Rxf5 Rac8 22. Bd1 e6 23. dxe6 fxe6 24. Rxf8+ Kxf8 25. a4 Ke7 26. Kf1 Be5 27. Ra3 Rb8 28. Ra2 Rf8+ 29. Kg1 Bf4 30. Ra1 Be3+ 31. Kh2 Rf1 32. g3 Re1 33. Rb1 Bg1+ 34. Kg2 e3 35. b3 e2 36. Bxe2 Rxb1 37. Bf1 Be3 0-1

[Event "BL 2324 SV Mülheim Nord - HSK Lister Tu"]
[Site "?"]
[Date "2024.01.13"]
[Round "5.4"]
[White "Beerdsen, Thomas"]
[Black "Pubantz, Jan"]
[Result "1/2-1/2"]
[WhiteElo "2502"]
[BlackElo "2288"]
[PlyCount "217"]
[EventDate "2024.??.??"]

1. c4 c6 2. d4 d5 3. cxd5 cxd5 4. Nc3 Nf6 5. f3 Qb6 6. e4 dxe4 7. fxe4 e5 8. dxe5 Ng4 9. Qe2 Bc5 10. Nd5 Bf2+ 11. Kd1 Qd4+ 12. Qd2 O-O 13. Nf3 Qxd2+ 14. Bxd2 Nc6 15. Bc3 Bg3 16. hxg3 Nf2+ 17. Ke2 Nxh1 18. Be1 Be6 19. Ke3 Rad8 20. Rd1 Rfe8 21. Bc4 Rd7 22. Ke2 Bg4 23. Kf1 Nxe5 24. Nxe5 Rxe5 25. Rd4 h6 26. Kg1 Bf5 27. Kxh1 Rxe4 28. Rxe4 Bxe4 29. Nc3 Bc6 30. Kg1 a6 31. Kf2 Rd6 32. Be2 Rf6+ 33. Bf3 Kf8 34. g4 Bxf3 35. gxf3 Rc6 36. Ke3 Ke7 37. Bg3 Ke6 38. Ne2 Rc8 39. Ke4 Kd7 40. Nd4 Re8+ 41. Kd5 h5 42. Nf5 hxg4 43. fxg4 Re2 44. Be5 g6 45. Ng3 Rd2+ 46. Bd4 f5 47. gxf5 gxf5 48. Nxf5 Kc7 49. Ne3 Kb8 50. Nc4 Rd1 51. Kc5 Ka7 52. Be3 Rh1 53. a4 Rh5+ 54. Kd6+ Kb8 55. Ne5 Rh4 56. Nd7+ Ka8 57. Kc7 Rh7 58. Bd4 Rh4 59. Bc5 Rh7 60. b4 Rg7 61. Bf8 Rh7 62. Bd6 Ka7 63. Be5 Rh4 64. Bd6 Rh7 65. Bf4 Ka8 66. Kd6 Rh4 67. Nb6+ Ka7 68. Be3 Kb8 69. Kc5 Ka7 70. Nd5 Rh1 71. Ne7 Rh5+ 72. Kd6+ Kb8 73. Bf4 Rh4 74. Be5 Ka8 75. Nd5 Rh7 76. a5 Ka7 77. Nf6 Rh4 78. Kc5 Rh1 79. Nd7 Rh7 80. Kd6 Rh4 81. Kc5 Rh7 82. Nb6 Rh5 83. Kd6 Rh7 84. Bd4 Kb8 85. Nd7+ Ka8 86. Kc7 Rh4 87. Bc5 Rh7 88. Bb6 Rh4 89. Bc5 Rh7 90. Kd8 Rh8+ 91. Nf8 Kb8 92. Bd6+ Ka8 93. Kc8 Rg8 94. Kc7 Rg7+ 95. Kb6 Rg8 96. Ne6 Rg6 97. Nc7+ Kb8 98. Nxa6+ Kc8 99. Nc5 Rxd6+ 100. Ka7 Rd5 101. Nxb7 Kc7 102. Ka6 Kc6 103. Nc5 Rd8 104. Ka7 Kb5 105. Ne6 Rd7+ 106. Kb8 Kxb4 107. a6 Kb5 108. a7 Rxa7 109. Kxa7 1/2-1/2

[Event "BL 2324 SV Mülheim Nord - HSK Lister Tu"]
[Site "?"]
[Date "2024.01.13"]
[Round "5.5"]
[White "von Mettenheim, Johannes"]
[Black "Zelbel, Patrick"]
[Result "0-1"]
[WhiteElo "2284"]
[BlackElo "2477"]
[PlyCount "56"]
[EventDate "2024.??.??"]

1. d4 Nf6 2. Nf3 g6 3. g3 Bg7 4. Bg2 c5 5. c4 O-O 6. O-O d6 7. Nc3 Nc6 8. dxc5 dxc5 9. Be3 Be6 10. Qa4 Nd4 11. Rad1 Bd7 12. Qa3 Nc2 13. Qxc5 b6 14. Qg5 h6 15. Qh4 Nxe3 16. fxe3 Qe8 17. Nd5 Rc8 18. b3 Rc5 19. Nd2 Rxd5 20. Bxd5 Ng4 21. Ne4 Nxe3 22. Qf4 Nxf1 23. Rxf1 e6 24. Bb7 Qb8 25. Ba6 Qxf4 26. gxf4 Bc6 27. Nf2 Rd8 28. Rc1 Bd4 0-1

[Event "BL 2324 SV Mülheim Nord - HSK Lister Tu"]
[Site "?"]
[Date "2024.01.13"]
[Round "5.6"]
[White "Hausrath, Daniel"]
[Black "Hoeffer, David"]
[Result "1-0"]
[WhiteElo "2453"]
[BlackElo "2302"]
[PlyCount "97"]
[EventDate "2024.??.??"]

1. Nf3 d5 2. g3 Bg4 3. Bg2 Nd7 4. h3 Bxf3 5. Bxf3 c6 6. O-O h5 7. d4 e6 8. c4 h4 9. g4 Bd6 10. Nc3 dxc4 11. b3 Bb8 12. Bg2 cxb3 13. Qxb3 Qc7 14. f4 a6 15. Rb1 b5 16. a4 Ra7 17. Ba3 Ngf6 18. Rbc1 bxa4 19. Qb4 c5 20. dxc5 O-O 21. c6 Qb6+ 22. Qxb6 Nxb6 23. Bc5 Nbd5 24. Nxd5 Nxd5 25. Bxd5 exd5 26. Rb1 Ra8 27. Bxf8 Kxf8 28. Ra1 Ke7 29. Rfd1 d4 30. Kg2 Bxf4 31. Rxd4 Be5 32. Re4 f6 33. Raxa4 Kd6 34. Rec4 Kc7 35. Ra5 Kb6 36. Ra3 Ra7 37. Rb3+ Kc7 38. Rd3 Kc8 39. g5 Rc7 40. Ra3 fxg5 41. Rxa6 Kd8 42. Re4 Bf6 43. Ra8+ Rc8 44. Re8+ Kxe8 45. Rxc8+ Ke7 46. Kf3 Kd6 47. Kg4 Kd5 48. e4+ Kd6 49. Kf5 1-0

[Event "BL 2324 SV Mülheim Nord - HSK Lister Tu"]
[Site "?"]
[Date "2024.01.13"]
[Round "5.7"]
[White "Voege, Tobias"]
[Black "Buckels, Valentin"]
[Result "0-1"]
[WhiteElo "2283"]
[BlackElo "2438"]
[PlyCount "90"]
[EventDate "2024.??.??"]

1. d4 Nf6 2. c4 e6 3. Nf3 d5 4. cxd5 exd5 5. Nc3 c6 6. Qc2 Bd6 7. Bg5 Be6 8. e3 Nbd7 9. Bd3 Qc7 10. Bh4 Bg4 11. O-O-O Bh5 12. Kb1 Bg6 13. Bxg6 hxg6 14. Bg3 Bxg3 15. hxg3 O-O-O 16. Rh4 Rxh4 17. gxh4 Kb8 18. Ng5 Nb6 19. f3 Nc4 20. Qf2 Re8 21. e4 dxe4 22. fxe4 Ng4 23. Qe2 Nge3 24. Rc1 Qf4 25. b3 Nd6 26. Qf3 Qxf3 27. gxf3 f6 28. Nh3 Ng2 29. h5 gxh5 30. Rg1 Nh4 31. Rxg7 Nxf3 32. Nf4 Nxe4 33. Nxe4 Rxe4 34. Nxh5 f5 35. d5 cxd5 36. Nf6 Re1+ 37. Kc2 d4 38. Nd7+ Kc8 39. Nc5 b6 40. Na6 Ne5 41. Rg5 Re2+ 42. Kd1 Rf2 43. Nb4 d3 44. Rg7 Nf3 45. Rb7 Rf1# 0-1